000 004260000a22001690004500
003 MACL
005 20151231165314.0
008 151231b xxu||||| |||| 00| 0 eng d
040 _aMACL
_cMACL
041 _aEnglish
082 _a349.54/GHA
100 _aGharpure, J R
_925864
245 _aThe Subodhini
_bThe Collection of Hindi Law
260 _bJ R Gharpure
_c1930
650 _aLaw
_925999
942 _cBK
_k349.54/GHA
_2ddc
999 _c39154
_d39154